JAKIE CZĘSCI CIAŁA PODDAJEMY OPERACJI PLASTYCZNEJ? - Statystyki

Ogólne statystyki
  • Ten quiz został rozwiązany 243 razy
  • Średni wynik to 4 z 5
Statystyki odpowiedzi
Odpowiedź % Poprawnych
NOS
92%
PIERSI
90%
USTA
88%
BRZUCH
61%
UDA
27%
Nie znaleziono quizów pasujących do podanych kryteriów
Rozkład punktacji
Procent ludzi z każdym wynikiem
Percentyl według liczby udzielonych odpowiedzi
Twoja historia wyników
Nie rozwiązałeś tego quizu